000 00513nam a22001817a 4500
999 _c25492
_d25492
003 BDDh-ASL
005 20231015030507.0
008 210719s2008 ii ||||| |||| 001 0 eng d
040 _cBDDh-ASL
082 _a128.33
_bSENR
100 1 _94219
_aSen, Amartya
245 1 0 _aRationality & Freedom /
260 _aNew Delhi:
_bOxford University Press,
_c2008.
300 _a736 p. :
_c22 cm.
504 _aInclude Bibliographical References and Index
650 0 _94220
_aRationality
_xFreedom
942 _2ddc
_cBK